5大ドームとネーミングライツ - Statistics

General Stats
  • This quiz has been taken 170 times
  • The average score is 6 of 9
Answer Stats
都市 名前 % Correct
東京 東京ドーム
95%
札幌 札幌ドーム
86%
福岡 福岡ドーム
84%
大阪 大阪ドーム
80%
名古屋 ナゴヤドーム
78%
名古屋 バンテリンドーム ナゴヤ
66%
大阪 京セラドーム大阪
65%
福岡 みずほPayPayドーム福岡
37%
札幌 大和ハウス プレミストドーム
24%
No matching quizzes found
Score Distribution
Percent of People with Each Score
Percentile by Number Answered
Your Score History
You have not taken this quiz